00606cam a22002051 4500001001300000003000400013005001700017008004100034010001700075035001900092040001800111042001200129050002600141082001000167100002600177245009700203260005700300300002600357999001700383ca 34001703 DLC20260227111135.0790206s1932 xx 000 0 eng  aca 34001703  a(OCoLC)4623582 aDLCcOCldDLC apremarc00aPS3503.R2733bS3 1932 a812.51 aBraun, Wilbur,d1896-10a"Say it with music",ba howling comedy for the gentler sex,cin three acts, by Wilbur Braun. aMinneapolis, Minn.,bThe Northwestern press,cc1932. a87 p.bdiagr.c19 cm. c17600d17600